[Event "SVK-ch U14"]
[Site "Tatralandia"]
[Date "2024.04.06"]
[Round "2"]
[White "Toth, Peter8"]
[Black "Shykhnenko, Hryhorii"]
[Result "0-1"]
[WhiteElo "1655"]
[BlackElo "1821"]
[PlyCount "118"]
[EventDate "2024.04.05"]
[EventType "swiss"]
[EventRounds "9"]
[EventCountry "SVK"]
[SourceTitle "CB16_2024"]
[SourceDate "2024.04.17"]
[SourceVersion "1"]
[SourceVersionDate "2024.04.17"]
[SourceQuality "1"]

1. e4 c5 2. Nf3 e6 3. d4 cxd4 4. Nxd4 a6 5. Nc3 Qc7 6. Bd3 Nf6 7. 0-0 Be7 8. Re1 d6 9. Nf3 Nbd7 10. Bf4 Ne5 11. Nxe5 dxe5 12. Bg5 0-0 13. Qf3 b6 14. Qg3 Kh8 15. Qh4 Ng8 16. Re3 h6 17. Rg3 Bxg5 18. Rxg5 Qe7 19. Rg4 g5 20. Qh5 Kg7 21. Qh3 f5 22. exf5 exf5 23. Rc4 Be6 24. Rc6 b5 25. Re1 Qd7 26. Rb6 g4 27. Qe3 e4 28. Nxe4 fxe4 29. Bxe4 Ra7 30. Bc6 Qf7 31. Qe5+ Qf6 32. Qe3 Re7 33. h3 Bd5 34. Rb7 Rxb7 35. Bxd5 Re7 36. Qd2 Rxe1+ 37. Qxe1 gxh3 38. gxh3 Qg6+ 39. Bg2 Nf6 40. Qe7+ Rf7 41. Qe6 Qg5 42. Qxa6 Nh5 43. Qe6 Nf4 44. Qe4 Qxg2+ 45. Qxg2+ Nxg2 46. Kxg2 Rd7 47. b3 Rd2 48. c4 bxc4 49. bxc4 Rxa2 50. Kf3 Rc2 51. Kg3 Rxc4 52. f4 Kg6 53. Kg4 h5+ 54. Kf3 Kf5 55. h4 Rxf4+ 56. Kg3 Rg4+ 57. Kh3 Kf4 58. Kh2 Kf3 59. Kh3 Kf2 0-1

[Event "Bratislava exe op"]
[Site "Bratislava"]
[Date "2023.09.22"]
[Round "8"]
[White "Raczko, Peter"]
[Black "Shykhnenko, Hryhorii"]
[Result "0-1"]
[WhiteElo "1841"]
[BlackElo "1451"]
[PlyCount "70"]
[EventDate "2023.09.15"]
[EventType "swiss"]
[EventRounds "9"]
[EventCountry "SVK"]
[SourceTitle "EXT 2024"]
[Source "ChessBase"]
[SourceDate "2023.10.10"]
[SourceVersion "1"]
[SourceVersionDate "2023.10.10"]
[SourceQuality "1"]

1. e4 c5 2. c3 d5 3. exd5 Qxd5 4. d4 Nc6 5. Nf3 Bg4 6. Be2 cxd4 7. cxd4 e6 8. Nc3 Bb4 9. 0-0 Qa5 10. Bd2 Nge7 11. a3 Bxc3 12. Bxc3 Qb6 13. d5 Nxd5 14. Bxg7 Rg8 15. Bd4 Nxd4 16. Nxd4 Bxe2 17. Nxe2 0-0-0 18. b4 Kb8 19. Qc1 h5 20. Nf4 Qd6 21. Nxd5 Qxd5 22. g3 Qf5 23. Rd1 Rc8 24. Qd2 h4 25. Qd6+ Ka8 26. Qd3 Qh3 27. Qf3 hxg3 28. hxg3 f5 29. Qg2 Qh7 30. Rd4 e5 31. Rh4 Qg6 32. Qh1 f4 33. Rh7 e4 34. Rh3 Qf6 35. Qxe4 Qxa1+ 0-1

[Event "SVK-ch U14"]
[Site "Dudince"]
[Date "2023.04.17"]
[Round "2"]
[White "Toth, Marton1111"]
[Black "Shykhnenko, Hryhorii"]
[Result "0-1"]
[WhiteElo "1286"]
[BlackElo "1481"]
[PlyCount "48"]
[EventDate "2023.04.16"]
[EventType "swiss"]
[EventRounds "9"]
[EventCountry "SVK"]
[SourceTitle "CBM 213 Extra"]
[Source "ChessBase"]
[SourceDate "2023.05.31"]
[SourceVersion "1"]
[SourceVersionDate "2023.05.31"]
[SourceQuality "1"]

1. d4 Nf6 2. c4 e6 3. Nc3 Bb4 4. Nf3 b6 5. e3 Bxc3+ 6. bxc3 Ne4 7. Qc2 Bb7 8. Bd3 f5 9. Ba3 c5 10. Qb3 d6 11. Ke2 Nd7 12. Rhd1 Qf6 13. Bb2 0-0 14. d5 e5 15. Nd2 Nxd2 16. Kxd2 e4 17. Be2 f4 18. Rf1 Ne5 19. a4 f3 20. gxf3 Nxf3+ 21. Bxf3 Qxf3 22. Qd1 Qg2 23. Qe2 Bc8 24. h4 Bg4 0-1

[Event "Modra op"]
[Site "Modra"]
[Date "2023.02.21"]
[Round "5"]
[White "Shykhnenko, Hryhorii"]
[Black "Loffay, Pavol"]
[Result "1/2-1/2"]
[WhiteElo "1439"]
[BlackElo "1303"]
[PlyCount "78"]
[EventDate "2023.02.20"]
[EventType "swiss"]
[EventRounds "7"]
[EventCountry "SVK"]
[SourceTitle "EXT 2024"]
[Source "ChessBase"]
[SourceDate "2023.10.10"]
[SourceVersion "1"]
[SourceVersionDate "2023.10.10"]
[SourceQuality "1"]

1. e4 c5 2. Nf3 d6 3. d4 cxd4 4. Nxd4 Nf6 5. Nc3 g6 6. f3 Bg7 7. Be3 Nc6 8. Nb3 Bd7 9. Qd2 h5 10. Be2 a6 11. a4 a5 12. 0-0-0 Nb4 13. Nb5 Rc8 14. c3 Be6 15. N5d4 Bd7 16. Bb5 Nc6 17. g3 Ne5 18. Qe2 b6 19. h3 Nc6 20. g4 0-0 21. g5 Ne8 22. f4 Kh7 23. Nxc6 Bxc6 24. Bxc6 Rxc6 25. Nd4 Rc8 26. f5 Qd7 27. Qc2 Be5 28. Nf3 Bg7 29. Bxb6 Qc6 30. Bd4 gxf5 31. exf5 Qxf3 32. f6+ Kh8 33. fxg7+ Nxg7 34. g6 Qf4+ 35. Kb1 f6 36. Rhf1 Qg5 37. Rde1 e5 38. Be3 Qh4 39. Rd1 Rc6 1/2-1/2